| 000 | 00845nam a2200241Ia 4500 | ||
|---|---|---|---|
| 005 | 20241125154318.0 | ||
| 008 | 210716s1988 xx 000 0 und d | ||
| 020 | _a8185095825 | ||
| 040 | _cAIMIT LIBRARY | ||
| 041 | _aeng | ||
| 082 |
_a005.74 _21 _bGRAP |
||
| 100 |
_aGray, Peter M D. _947138 |
||
| 245 |
_aLogic algebra and databases / _cBy Peter M. D. Gray. |
||
| 250 | _a1st ed. | ||
| 260 |
_aNew Delhi : _bAffiliated East- West Press Ltd. , _c1988 . |
||
| 300 |
_a294p. ; _bPB _c22.5 cm. |
||
| 650 |
_aLambda expressions and list processing _947139 |
||
| 650 |
_aLambda expressions and list processing _947140 |
||
| 650 |
_aRepresenting programs in functional notation _9186474 |
||
| 650 |
_aCalculus based languages _9186475 |
||
| 650 |
_aQuery transformation in algebra and calculus _9186476 |
||
| 942 |
_2ddc _cBK _e1st _k005.74 GRAP |
||
| 999 |
_c181279 _d181279 |
||